000 00291nam a22001337a 4500
008 181022b xxu||||| |||| 00| 0 eng d
020 _a9780521568722
041 _aeng
080 _a521
100 _a42
101 _aAST
245 _aPeople and the Earth
_cRogers,J.J
942 _2udc
_cBK
999 _c50421
_d50421